000
003190000a22001450004500
003
MACL
040
_a
MACL
090
_c
46132
_d
46130
100
_a
Singh, Virendra
245
_a
Madhya Pradesh General Studies
260
_b
Arunodaya Prakashan
_c
2010
350
_a
360
650
_a
Generalities
942
_c
BOOK
_k
001
999
_c
45654
_d
45654